• 首页
  • 本馆介绍
  • 公告通知
  • 最新文献
  • 馆藏检索
  • 电子资源
  • 读者导购
  • 参考咨询
  • 我的图书馆
  • 登录
  • 详细信息显示
  • 放入我的书架
  • 预约/预借图书
  • 作者相关作品
  • 分类相关作品
  • 丛书相关作品
  • 出版社相关作品

书目信息

  • 表格格式
  • 工作单格式
  • 卡片格式
题名:
英语听力突破
    
 
作者: 张秀云 主编
分册:  
出版信息: 青岛   青岛海洋大学出版社  2001
页数: 306页
开本: 20cm
丛书名: 新大纲大学英语四级考试突破系列
单 册:
中图分类: H310.42
科图分类:
主题词: 英语--语法
电子资源:
ISBN: 7-81067-174-X
000 00631nam0 2200205 450
001 0655241297
005 20070618093230.59
010    @a7-81067-174-X@dCNY9.60
100    @a20060302d2001 km y0chiy0120 ea
101 0  @achi
200 1  @a英语听力突破@Aying yu ting li tu po@f张秀云等主编@Fzhang xiu yun deng zhu bian
210    @a青岛@c青岛海洋大学出版社@d2001
215    @a306页@d20cm
225    @a新大纲大学英语四级考试突破系列
410  0 @12001 @a新大纲大学英语四级考试突破系列
606 0  @a英语@x语法
690    @aH310.42@v4
701  0 @a张秀云@Azhang xiu yun@4主编
801  0 @aCN@bPFT@c20070618
905    @a10447@dH310.42@e1081
    
    英语听力突破/张秀云等主编.-青岛:青岛海洋大学出版社,2001
    306页;20cm.-(新大纲大学英语四级考试突破系列)
    
    
    ISBN 7-81067-174-X:CNY9.60
    
●
相关链接 在E读中查询图书 在五车中查询图书 在当当中查询图书 在豆瓣中查询图书


正题名:英语听力突破     索取号:H310.42/1081         预约/预借

序号 登录号 条形码 馆藏地/架位号 状态 备注
1 0653950   206539502   第二样本阅览室/ [索取号:H310.42/1081] 在馆    
2 0653951   206539511   密集书库/ [索取号:H310.42/1081] 在馆    
唐山师范学院图书馆 欢迎您!
大连网信软件有限公司© 版权所有